000 01268aam a2200337 i 4500
001 016602326
003 OSt
005 20150314151315.0
008 131216s2014 enkab b 001 0 eng c
015 _aGBB405084
_2bnb
020 _a9781292042671 (paperback)
020 _a1292042672 (paperback)
040 _aStEdNL
_beng
_erda
_cStEdNL
_dUk
082 0 0 _a624.1762
_222
_bKRA
100 1 _aKramer, Steven Lawrence,
245 1 0 _aGeotechnical earthquake engineering /
_cSteven L. Kramer.
250 _aPearson new international ed.
260 _aHarlow, United Kingdom :
_bPearson Education,
_cc.2014
300 _axviii, 653 p. :
_bill., maps ;
_c24 cm.
490 1 _aPrentice-Hall international series in civil engineering and engineering mechanics
490 1 _aAlways learning
504 _aIncludes bibliographical references (page 597-642) and index.
650 0 _aEarthquake engineering
_vHandbooks, manuals, etc.
650 0 _aEngineering geology
_vHandbooks, manuals, etc.
653 _bENGCIV
_cMarch2015
655 _vreading book
_934232
830 0 _aPrentice-Hall international series in civil engineering and engineering mechanics.
_97606
830 0 _aAlways learning.
942 _2ddc
999 _c19025
_d18997